Statistics for Black Sea Countries

Click here to take the quiz!

General Stats

  • This quiz has been taken 24,887 times
  • The average score is 5 of 6

Answer Stats

Country % Correct
Russia
95%
Turkey
94%
Ukraine
91%
Bulgaria
86%
Romania
86%
Georgia
85%

Score Distribution

Percentile by Number Answered

Percent of People with Each Score

Your Score History

You have not taken this quiz